000 01341nam a22003857a 4500
003 CHAP
005 20220329142428.0
008 010123d1999 uk r 00110 eng d
010 _a83310
011 _a84282
020 _a0851993605
035 _a94801
040 _cCHAP
082 0 4 _a338.17311
_bA5
100 0 0 _aAntle, J. M.
_e, ed.
_96076
245 1 4 _aThe economics of world wheat markets
_c/ed. by J. M. Antle and V. H. Smith
260 _aWallingford, UK :
_bCABI. Publishing,
_cc.1999.
300 _a442 p. :
_bgráfs.
590 _aBATCH-UPD
_b10
_c20130110
_lUCH01
_h0123
590 _aBATCH-UPD
_b10
_c20130110
_lUCH01
_h1549
590 _aBATCH-UPD
_b10
_c20130410
_lUCH01
_h0947
590 _aBATCH-UPD
_b10
_c20130914
_lUCH01
_h2026
590 _aCONVERSION
_b10
_c20130109
_lUCH01
_h1346
650 1 4 _aTrigo
_xAspectos económicos.
_9114967
650 1 4 _aTrigo
_xCostos de producción.
_9115000
650 1 4 _aTrigo
_xE.U.A.
_9115008
650 1 4 _aTrigo
_xMercadeo.
_9115058
650 1 4 _aTrigo
_xPrecios.
_9115080
700 0 _aSmith, V. H.
_e, ed.
_9107145
901 _aBK
905 _aPatricia Mendoza P.
942 _cLIBRO
949 _a338.17311 A5
_bBC
_cLIBRO
_d33724000800140
_eLIBRO
_fc.2
_g208855
_h99497
_i94801
_sb
_t$1056.00
949 _a338.17311 A5
_bBC
_cLIBRO
_d33724000812921
_eLIBRO
_g208810
_h98937
_i94801
_sex
_t$1056.00
999 _c83310
_d83310